000 02108cam a22004574i 4500
003 PE-LiUPU
005 20250731173322.0
008 150625s2007 flu rb 000 0 spa d
020 _a0829746277
035 _a(Sirsi) i9780829746273
040 _aPE-LiUPU
_bspa
_cPE-LiUPU
_erda
049 _aPRUA
082 0 4 _a230
_bG84
_221
100 1 _aGrudem, Wayne,
_eautor.
245 1 0 _aTeología sistemática :
_buna introducción a la doctrina Bíblica /
_cWayne Grudem.
264 1 _aMiami :
_bVida,
_c2007.
300 _a1366 páginas ;
_c24 centímetros
336 _atext
_2rdacontent
337 _aunmediated
_2rdamedia
338 _avolume
_2rdacarrier
504 _aIncluye referencias bibliográficas al pie de páginas.
505 0 _aLa doctrina de la palabra de Dios -- La palabra de Dios -- El canon de las escrituras -- La doctrina de Dios -- La existencia de Dios -- La cognoscibilidad de Dios -- La doctrina del hombre -- La creación del hombre. -El hombre como varón y hembra. -Las doctrinas de Cristo y del espíritu santo -- La persona de Cristo -- La expiación -- La doctrina de la aplicación de la redención -- Gracia común -- Elección y reprobación -- La doctrina de la iglesia -- La iglesia -- La pureza y unidad de la iglesia -- La doctrina del futuro -- El regreso de Cristo: ¿Cuándo y cómo?.
526 _aSEG42
526 _aSEG41
526 _aSEG40
526 _aSEG39
526 _aP94
526 _aP87
526 _aP86
526 _aP85
526 _aP77
526 _aP76
526 _aP35
541 _g003-0003441;
650 0 4 _aTeología sistemática.
942 _2ddc
_cBOOK
949 _a230 G84
_wDEWEY
_c1
_i57676
_lCCODEBUL1
_mBUL
_p31.00
_r0
_sY
_tBOOK
_u2015-6-25
_xTEOLOGIA
_zUNKNOWN
_0COMPRA
_o.STAFF. Colección General
994 _aC0
_bPEPRU
596 _a1
999 _a230 G84
_wDEWEY
_c46682
_i57676
_d46682
_e2018-8-9
_f2021-11-9
_g5
_lCCODEBUL1
_mBUL
_n6
_p31.00
_q17
_r0
_sY
_tBOOK
_u2015-6-25
_xTEOLOGIA
_zUNKNOWN
_0COMPRA
_o.STAFF. Colección Teología
980 _81
_gALBERTO SANCHEZ Responsable de Automatización